000 00324nam a22001217a 4500
008 230627b xxu||||| |||| 00| 0 eng d
082 _a338.9
_bDPR 2006
245 _aDevelopment Policy Review
_bTheme Issue: Cash Transfers
260 _aUK
_bBlackwell Publishing
_c2006
300 _a368p
440 _n3
_v24
942 _2ddc
_cBK
999 _c2880
_d2880